LEADER 01287nam a2200289 u 4500 001 000000110500 003 CaOOAMICUS 005 20080310131635.0 008 080310s1995 it u000 u ita u 020 $a88-372-1571-1 040 $aPUL$bita$dMCT 041 1 $aita$hger 100 1 $aCassirer, Ernst,$d1874-1945.$0(OLS)http://pul/name/5598 240 00$aGoethe und die geschichtliche Welt.$lItaliano.$0(OLS)http://pul/title/138953 245 10$aGoethe e il mondo storico :$btre saggi /$cErnst Cassirer ; a cura di Renato Pettoello. 260 $aBrescia :$bMorcelliana,$c1995. 300 $a167 p. ;$c20 cm. 490 1 $aCollana Dialogo 600 14$aGoethe, Johann Wolfgang von,$d1749-1832$xCritica e interpretazione.$0(OLS)http://pul/subject/4632 700 1 $aPettoello, Renato.$0(OLS)http://pul/name/40712 830 0$aCollana Dialogo.$0(OLS)http://pul/title/27499 850 $aPUL 852 $aPUL$W1$xDP1 Cons. Gen., Altre Classi 1$y22$m737 M 1$j126581$qStampati$B125306$CPULBib$Z2$F125306 $H74586 $82 941 1 $a8 996 $6020$a88-372-1571-1$9(OLS)http://pul/number/137485 996 $6245$aGoethe e il mondo storico :$btre saggi$9(OLS)http://pul/title/138952 996 $6260$aBrescia :$bMorcelliana$9(OLS)http://pul/publisher/47854 LEADER 01309nam a2200277 u 4500 001 000000071977 003 CaOOAMICUS 005 20070226122206.0 008 020610s1977 it u000 u ita u 035 $a10932609 040 $aPUL(R)$bita 100 1 $aAnania, Piero.$0(OLS)http://pul/name/47678 245 10$aComunicazione, linguaggi, gruppo :$buna teoria e una prassi degli strumenti del fare scuola oggi /$cPiero Anania. 260 $aFirenze :$bGuaraldi,$cc1977. 300 $a247 p. ;$c19 cm 490 1 $aLe frontiere dell'educazione ;$v44 504 $aBibliografia in nota. 650 4$aPedagogia e didattica.$0(OLS)http://pul/subject/9986 830 3$aLe frontiere dell'educazione ;$v44.$0(OLS)http://pul/title/94716 850 $aPUL 852 $aPUL$W1$xDP1 Cons. Gen., Altre Classi 1$y22$m846 A 11$j93102$nBK-PRI$b $qStampati$B93102$CPULBib$Z2$F93102 $H64485 $81 852 $aPUL$W1$xDP1 Fondo Pastorale$y55$mP16 A 56$j93103$nBK-PRI$b $qFondi$B93103$CPULBib$Z2$F93103 $HPUL64080 $81 941 1 $a8 941 1 $a1 996 $6245$aComunicazione, linguaggi, gruppo :$buna teoria e una prassi degli strumenti del fare scuola oggi$9(OLS)http://pul/title/94715 996 $6260$aFirenze :$bGuaraldi$9(OLS)http://pul/publisher/65224